XI Roku 2012 wg. Tygodnika "Piłka Nożna" (spoza Europy) - Statystyki

Ogólne statystyki
  • Ten quiz został rozwiązany 142 razy
  • Średni wynik to 8 z 11
Statystyki odpowiedzi
Pozycja Kraj Klub Zawodnik % Poprawnych
ŚN Argentyna Barcelona Lionel Messi
99%
LO Brazylia Real Madryt Marcelo
94%
PS Argentyna Real Madryt Angel di Maria
93%
ŚP WKS Manchester City Yaya Toure
91%
ŚP Chile Juventus Arturo Vidal
90%
ŚO Urugwaj Atletico Diego Godin
86%
ŚN Kolumbia Atletico Radamel Falcao
82%
ŚO Brazylia Chelsea David Luiz
70%
PO Brazylia Manchester United Rafael
36%
BR Argentyna Malaga Willy Caballero
36%
LS Brazylia PSG Nene
12%
Nie znaleziono quizów pasujących do podanych kryteriów
Rozkład punktacji
Procent ludzi z każdym wynikiem
Percentyl według liczby udzielonych odpowiedzi
Twoja historia wyników
Nie rozwiązałeś tego quizu